000 03920cam a22006854i 4500
003 PE-LiUPU
005 20250731180139.0
008 150706s2008 mx a r 000 0 spa d
020 _a9789681805036
_q(volumen 1)
035 _a(Sirsi) i9789681805036
040 _aPE-LiUPU
_bspa
_cPE-LiUPU
_erda
049 _aPRUA
082 0 4 _a532
_bS71
_221
100 1 _aSotelo Ávila, Gilberto,
_eautor.
245 1 0 _aHidráulica general /
_cGilberto Sotelo Ávila.
246 1 3 _aFundamentos
264 1 _aMéxico :
_bLimusa,
_c2008.
300 _a561 páginas :
_bilustraciones ;
_c24 centímetros
336 _atext
_2rdacontent
337 _aunmediated
_2rdamedia
338 _avolume
_2rdacarrier
505 0 _gVolumen 1.
_tPropiedades de los fluidos -- Hidrostática -- Cinemática de los líquidos -- Ecuaciones fundamentales de la hidráulica -- Similitud dinámica -- Orificios y compuertas -- Vertedores -- Resistencia al flujo en conductos a presión -- análisis de sistemas de tubos -- Flujos con potencial -- Empuje dinámico de un flujo sobre un cuerpo -- Análisis dimensional -- Teoría de los flujos viscosos.
526 _aSEG44
526 _aSEG26
526 _aP159
526 _aP155
526 _aP154
526 _aP153
526 _aP150
526 _aP100
526 _aP31
526 _aP30
526 _aP26
526 _aP25
526 _aP24
526 _aP22
526 _aP15
526 _aP10
541 _g003-001031;
541 _g044-0022971;
541 _g044-0022971;
541 _g044-0022973;
650 0 4 _aHidráulica.
910 _blch
_clch
_d20090521
942 _2ddc
_cBOOK
949 _a532 S71
_wDEWEY
_c1
_i59609
_d2015-10-7
_e2015-10-7
_lCCODEBUL1
_mBUL
_n1
_p33.00
_r0
_sY
_tBOOK
_u2015-7-6
_xINGENIERIA
_PP24
_0COMPRA
_o.STAFF. Colección General
949 _a532 S71
_wDEWEY
_c2
_i72961
_lCCODEBUL1
_mBUL
_p20.84
_r0
_sY
_tBOOK
_u2016-5-12
_xINGENIERIA
_PP25
_0COMPRA
_o.STAFF. Colección General
949 _a532 S71
_wDEWEY
_c3
_i73064
_lCCODEBUL1
_mBUL
_p21.74
_r0
_sY
_tBOOK
_u2016-5-13
_xINGENIERIA
_PP25
_0COMPRA
_o.STAFF. Colección General
949 _a532 S71
_wDEWEY
_c4
_i73065
_lCCODEBUL1
_mBUL
_p21.74
_r0
_sY
_tBOOK
_u2016-5-13
_xINGENIERIA
_PP25
_0COMPRA
_o.STAFF. Colección General
949 _a532 S71
_wDEWEY
_c5
_i73066
_lCCODEBUL1
_mBUL
_p21.74
_r0
_sY
_tBOOK
_u2016-5-13
_xINGENIERIA
_PP25
_0COMPRA
_o.STAFF. Colección General
949 _a532 S71
_wDEWEY
_c6
_i73067
_lCCODEBUL1
_mBUL
_p20.84
_r0
_sY
_tBOOK
_u2016-5-13
_xINGENIERIA
_PP25
_0COMPRA
_o.STAFF. Colección General
994 _aC0
_bPEPRU
596 _a1
999 _a532 S71
_wDEWEY
_c49166
_i59609
_d49166
_e2019-3-5
_f2021-11-9
_g7
_lCCODEBUL1
_mBUL
_n2
_p33.00
_r0
_sY
_tBOOK
_u2015-7-6
_xINGENIERIA
_PP24
_0COMPRA
_o.STAFF. Colección General
999 _a532 S71
_wDEWEY
_c2
_i72961
_d2019-5-27
_e2019-3-14
_f2021-11-9
_g7
_lCCODEBUL1
_mBUL
_n2
_p20.84
_r0
_sY
_tBOOK
_u2016-5-12
_xINGENIERIA
_PP25
_0COMPRA
_o.STAFF. Colección General
999 _a532 S71
_wDEWEY
_c3
_i73064
_d2020-1-14
_e2020-1-10
_f2021-11-9
_g7
_lCCODEBUL1
_mBUL
_n2
_p21.74
_r0
_sY
_tBOOK
_u2016-5-13
_xINGENIERIA
_PP25
_0COMPRA
_o.STAFF. Colección General
999 _a532 S71
_wDEWEY
_c4
_i73065
_d2018-8-10
_e2018-8-3
_f2021-11-9
_g7
_lCCODEBUL1
_mBUL
_n1
_p21.74
_q1
_r0
_sY
_tBOOK
_u2016-5-13
_xINGENIERIA
_PP25
_0COMPRA
_o.STAFF. Colección General
999 _a532 S71
_wDEWEY
_c5
_i73066
_f2021-11-9
_g7
_lCCODEBUL1
_mBUL
_p21.74
_r0
_sY
_tBOOK
_u2016-5-13
_xINGENIERIA
_PP25
_0COMPRA
_o.STAFF. Colección General
999 _a532 S71
_wDEWEY
_c6
_i73067
_f2021-11-9
_g7
_lCCODEBUL1
_mBUL
_p20.84
_r0
_sY
_tBOOK
_u2016-5-13
_xINGENIERIA
_PP25
_0COMPRA
_o.STAFF. Colección General
980 _81
_gALBERTO SANCHEZ Responsable de Automatización